000
00247nam a2200085Ia 4500
245
0
_a
Legal aid guide 2012
100
_a
South Africa. Legal Aid Board Cape Town, 2012 12th ed
_9
25284
942
_c
BK
008
210817s9999 xx 000 0 und d
999
_c
98770
_d
98769